01125nam a2200241 a 450000100100000000500170001000800410002702000180006804000250008608200160011110000360012724500690016326000660023230000330029850000640033150400320039559000610042759000270048895201230051595201140063895201140075299900170086600004687020201002053155.0180404s2015 dr a 000 0 spa d a9789945084689 aDO-SdBNPbspacBNPHU axxxxbF316p1 aFéliz, Claudio,d1952-97481810aPsicología analítica ¡Para vivir más! /cClaudio Féliz. aSanto Domingo :bEGRAF, Especialidades Graficas Egraf,c2015. axix, 213 p. :bil. ;c22 cm. aIncluye datos biográficos del autor en la contracubierta. aBibliografía : p. 211-213 aLa biblioteca posee 3 ejemplar autografiado por el autor aInventariado, 2018 /LP 001054708PDaGRbGRcCTd2018-04-04iLF1l0oxxxx F316pp46870-30r2020-06-25w2020-06-25yLFPDZPréstamo en sala 0010718PDaPDbPDcCTd2018-04-04iLF1l0oxxxx F316pp46870-10r2020-06-25w2020-06-25yLFPDZNo se presta 0010718PDaPDbPDcCTd2018-04-04iLF1l0oxxxx F316pp46870-20r2020-06-25w2020-06-25yLFPDZNo se presta c46359d46359